000 00431nam a2200181Ia 4500
001 4062
005 20260306145728.0
008 260306t2002||||xx |||||||||||||| ||spa||
041 _aESP
082 _a306.85
_bH12 Nº 25
100 _aJordán de Urríes, Blanca
_eAUT
245 0 _aTu hijo de 6 a 7 años
260 _c2002
300 _a233 páginas :
_c19 cm.
650 _aGEN
654 _aCED
942 _cLIB
_dJUS
_fJUS
_2ddc
_n
999 _c4062
_d4062